| 000 | 00681cam a2200241 4500 | ||
|---|---|---|---|
| 001 | J2164 | ||
| 008 | 090401t1993 xxu||||| |||| 00| 0 eng d | ||
| 035 | _a(Sirsi) u47588 | ||
| 041 | _aeng | ||
| 110 |
_aEurope _bEuropean Communities Commission _9698 |
||
| 245 | _aGreen paper: European social policy: options for the Union: consultative document: communication by Mr. Flynn. | ||
| 260 | _c1993 | ||
| 300 | _a95,45p. ; 30cm. | ||
| 350 | _a0 | ||
| 650 | _aEUROPEAN COMMUNITY | ||
| 650 | _aEUROPEAN SOCIAL POLICY | ||
| 650 | _aEUROPEAN UNION | ||
| 650 | _aGREEN PAPER | ||
| 650 | _aSOCIAL POLICY | ||
| 690 | _aEUROPE-SINGLE MARKET | ||
| 942 | _n0 | ||
| 948 | _c04/03/1997 | ||
| 999 |
_c92158 _d92158 |
||